Current Names of Cities - Statistics

General Stats
  • This quiz has been taken 169 times
  • The average score is 7 of 17
Answer Stats
Old Name Current Name % Correct
West Berlin Berlin
96%
Constantinople Istanbul
93%
New Amsterdam New York
88%
Peking Beijing
83%
Edo Tokyo
67%
Calcutta Kolkata
63%
Chennai Madras Chennai
58%
Krung Thep Bangkok
43%
Lutetia Paris
22%
Checagou Chicago
20%
Mai Kolachi Karachi
15%
Shen Shanghai
11%
Pataliputra Patna
7%
Alfama Lisbon
6%
Nova Goa Panaji
4%
Aquincum Budapest
1%
Kasur Lahore
1%
No matching quizzes found
Score Distribution
Percent of People with Each Score
Percentile by Number Answered
Your Score History
You have not taken this quiz